[Event "WYCC U16 Open 2013"]
[Site "Al-Ain UAE"]
[Date "2013.12.22"]
[Round "6.61"]
[White "Karunarathna, Chathupa Induwara"]
[Black "Jumanov, Elbek"]
[Result "0-1"]
[WhiteElo "1734"]
[BlackElo "2019"]
[WhiteFideId "9904727"]
[BlackFideId "14202905"]
[EventDate "2013.12.18"]

1. d4 Nf6 2. e3 g6 3. Nc3 Bg7 4. e4 d6 5. Bg5 O-O 6. Qd2 Nbd7 7. Bh6 c5 8. Bxg7
Kxg7 9. d5 a6 10. f3 b5 11. g4 b4 12. Nce2 Nb6 13. Nf4 e5 14. Ng2 h5 15. gxh5
Nxh5 16. Ne3 a5 17. O-O-O Rh8 18. Qg2 Qh4 19. Ne2 Nf4 20. Nxf4 Qxf4 21. Qd2 Qxf3
22. Bg2 Qh5 23. Rdf1 Ba6 24. Rf3 Nc4 25. Nxc4 Bxc4 26. Qf2 Raf8 27. Kb1 f5 28.
Qe3 f4 29. Qf2 g5 30. Bh3 Qg6 31. Rg1 Kf6 32. Qg2 Rh4 33. Bf5 Qh6 34. Rh3 a4 35.
Be6 Rxh3 36. Bxh3 Qh4 37. Be6 Rh8 38. h3 Bb5 39. Qf3 Rh7 40. a3 bxa3 41. bxa3
Bd7 42. Qd3 Qf2 43. Rd1 Bxe6 44. Qa6 Qf3 45. Rd3 Qh1+ 46. Ka2 Bg8 47. Qxd6+ Kg7
48. Qxe5+ Kh6 49. h4 Qxh4 50. Qf6+ Kh5 51. e5 Qf2 52. Qf5 Qxc2+ 53. Ka1 Qc1+ 54.
Ka2 Bxd5+ 55. Rxd5 Qc4+ 56. Ka1 Qc3+ 57. Ka2 Qb3+ 58. Ka1 Qxa3+ 59. Kb1 Rb7+ 0-1

[Event "WYCC U16 Open 2013"]
[Site "Al-Ain UAE"]
[Date "2013.12.22"]
[Round "6.66"]
[White "Filipets, Egor"]
[Black "Rodgers, Philippe"]
[Result "0-1"]
[WhiteElo "2112"]
[BlackElo "1735"]
[WhiteFideId "13503928"]
[BlackFideId "1801473"]
[EventDate "2013.12.18"]

1. e4 Nf6 2. e5 Nd5 3. c4 Nb6 4. d4 d6 5. f4 dxe5 6. fxe5 c5 7. d5 g6 8. Nc3 Bg7
9. Bf4 O-O 10. Nf3 Bg4 11. h3 Bxf3 12. Qxf3 e6 13. O-O-O exd5 14. cxd5 Re8 15.
Bb5 N8d7 16. e6 fxe6 17. dxe6 Rxe6 18. Bxd7 Nxd7 19. Qd5 Qf6 20. Rhf1 Nb6 21.
Qxb7 Re7 22. Qa6 Rae8 23. Bd2 Qc6 24. Rf3 c4 25. Rdf1 Qc5 26. a4 Qb4 27. a5 Na4
28. Nxa4 Qxa4 29. Ra3 Bxb2+ 30. Kxb2 Rb8+ 31. Qb6 Rxb6+ 32. axb6 c3+ 33. Rxc3
Qb5+ 34. Rb3 Qxf1 35. b7 Rxb7 36. Rxb7 Qxg2 37. Rb8+ Kf7 0-1

[Event "WYCC U16 Open 2013"]
[Site "Al-Ain UAE"]
[Date "2013.12.22"]
[Round "6.67"]
[White "Gillot, Florent"]
[Black "Valenzuela Martinez, Hermes"]
[Result "1/2-1/2"]
[BlackTitle "CM"]
[WhiteElo "1731"]
[BlackElo "1867"]
[WhiteFideId "225479"]
[BlackFideId "5111919"]
[EventDate "2013.12.18"]

1. e4 e6 2. d4 d5 3. Nc3 Nf6 4. Bg5 dxe4 5. Nxe4 Be7 6. Nxf6+ Bxf6 7. Bxf6 Qxf6
8. Nf3 O-O 9. Bd3 c5 10. c3 cxd4 11. Nxd4 e5 12. Ne2 Nc6 13. Qc2 Qh6 14. Ng3 Be6
15. O-O Rac8 16. Qc1 Qh4 17. f4 exf4 18. Qxf4 Qxf4 19. Rxf4 Rfd8 20. Bf5 Bxf5
21. Rxf5 Rd2 22. Rb5 b6 23. Re1 Rcd8 24. Ne4 Rc2 25. Kf1 g6 26. Re2 Rc1+ 27. Kf2
f5 28. Ng3 Kf7 29. Re1 Rd2+ 30. Re2 Rcd1 31. Kf3 Rd8 32. Rb3 Kf6 33. Rb5 h5 34.
h4 Ra1 35. a3 Rc1 36. Re3 Rd6 37. Kf2 Rc2+ 38. Re2 Rc1 39. Nf1 Rcd1 40. Ne3 R1d3
41. Nc4 R6d5 42. Rxd5 Rxd5 43. g3 Rd8 44. Rd2 1/2-1/2

[Event "WYCC U16 Open 2013"]
[Site "Al-Ain UAE"]
[Date "2013.12.22"]
[Round "6.68"]
[White "Choi, Ian"]
[Black "Minald, Andrey"]
[Result "0-1"]
[WhiteElo "1655"]
[BlackElo "1848"]
[WhiteFideId "13201379"]
[BlackFideId "13506854"]
[EventDate "2013.12.18"]

1. d4 f5 2. Nc3 e6 3. Bf4 Bb4 4. e3 Nf6 5. Bd3 b6 6. Ne2 Bb7 7. a3 Bxc3+ 8. Nxc3
O-O 9. O-O d6 10. Ne2 Kh8 11. c4 Nbd7 12. Bg3 Qe7 13. Rc1 Rae8 14. d5 Nc5 15.
Nd4 Nfe4 16. Bxe4 fxe4 17. b4 Nd3 18. Nxe6 Nxc1 19. Nxf8 Qxf8 20. Qxc1 b5 21.
Rd1 h5 22. h3 h4 23. Bh2 Qf6 24. Rf1 bxc4 25. Qxc4 Qf5 26. b5 Rf8 27. Qe2 Bxd5
28. Rc1 Kg8 29. a4 Bb3 30. a5 Qd5 31. Qg4 Qd2 32. Rf1 Bc4 33. Qd1 Rxf2 34. Re1
Rxg2+ 0-1

[Event "WYCC U16 Open 2013"]
[Site "Al-Ain UAE"]
[Date "2013.12.22"]
[Round "6.69"]
[White "Volna, Lukas"]
[Black "Hamawi, Karim"]
[Result "0-1"]
[WhiteElo "1833"]
[BlackElo "1640"]
[WhiteFideId "14928728"]
[BlackFideId "5303621"]
[EventDate "2013.12.18"]

1. e4 c5 2. Nc3 e6 3. g3 Nc6 4. Bg2 Nf6 5. Nge2 a6 6. a4 Be7 7. O-O O-O 8. Kh1
d6 9. d3 Rb8 10. f4 Qc7 11. Ng1 b5 12. axb5 axb5 13. h3 b4 14. Nce2 d5 15. e5
Nd7 16. Nf3 Bb7 17. g4 Nb6 18. Qe1 Ra8 19. Rb1 d4 20. Qg3 f6 21. exf6 Bxf6 22.
Bd2 Nd5 23. h4 Be7 24. Ng5 Qd7 25. Ne4 Nf6 26. Rf2 Ra2 27. Kg1 Rfa8 28. Rff1 Nd8
29. Nxf6+ Bxf6 30. Bxb7 Qxb7 31. f5 exf5 32. gxf5 Qd5 33. h5 Kh8 34. Qg4 Be5 35.
h6 gxh6 36. f6 Qf7 37. Bxh6 Ne6 38. Qf5 Rg8+ 39. Kh1 Qb7+ 40. Qf3 Qxf3+ 41. Rxf3
Rg6 42. Bg7+ Nxg7 43. fxg7+ Kxg7 44. Nf4 Bxf4 45. Rxf4 Rg5 46. Kh2 Ra6 47. Rh4
Rag6 48. Kh1 Rg2 49. Rh2 Rxh2+ 50. Kxh2 Re6 51. Rg1+ Kf7 52. Rf1+ Rf6 53. Rc1 h5
54. Kg3 Kg6 55. Re1 Kg5 56. Re4 Rf5 57. b3 Rd5 58. Re8 h4+ 59. Kh3 Rf5 60. Rg8+
Kf4 61. Kxh4 Ke3 62. Kg4 Rf2 63. Re8+ Kd2 64. Re5 Kxc2 65. Rxc5+ Kxd3 66. Rc4
Rb2 67. Rxb4 Ke3 68. Rb8 Rg2+ 69. Kh3 Re2 70. Re8+ Kd2 71. Rb8 d3 72. Kg3 Ke1
73. Rh8 Rb2 74. Kf3 Kd2 75. Rh7 Rxb3 76. Rh2+ Kc1 77. Rh1+ Kc2 78. Ke3 d2+ 79.
Ke2 Rd3 80. Rd1 Rd8 0-1

[Event "WYCC U16 Open 2013"]
[Site "Al-Ain UAE"]
[Date "2013.12.23"]
[Round "7.1"]
[White "Duda, Jan-Krzysztof"]
[Black "Wang, Yiye"]
[Result "1-0"]
[WhiteTitle "GM"]
[WhiteElo "2557"]
[BlackElo "2408"]
[WhiteFideId "1170546"]
[BlackFideId "8606021"]
[EventDate "2013.12.18"]

1. e4 e6 2. d4 d5 3. e5 c5 4. c3 Nc6 5. Nf3 Qb6 6. a3 c4 7. Nbd2 Na5 8. Be2 Bd7
9. Rb1 Ne7 10. b4 cxb3 11. Nxb3 Ba4 12. Nxa5 Qxa5 13. Qd2 b5 14. O-O a6 15. Bd3
Rc8 16. Qe2 h6 17. Bd2 Qc7 18. Ne1 g6 19. Nc2 Nc6 20. Nb4 Qb7 21. f4 h5 22. f5
gxf5 23. Nxd5 exd5 24. Bxf5 Rc7 25. e6 f6 26. Bg6+ Kd8 27. Rxf6 Bxa3 28. Qf3 Kc8
29. Bf4 Be7 30. Rf7 Nd8 31. Bf5 Nxf7 32. exf7+ Kd8 33. Re1 Bb3 34. Qg3 Rc6 35.
Qg8+ 1-0

[Event "WYCC U16 Open 2013"]
[Site "Al-Ain UAE"]
[Date "2013.12.23"]
[Round "7.2"]
[White "Alekseenko, Kirill"]
[Black "Sanal, Vahap"]
[Result "1-0"]
[WhiteTitle "FM"]
[BlackTitle "IM"]
[WhiteElo "2445"]
[BlackElo "2397"]
[WhiteFideId "4135539"]
[BlackFideId "6300545"]
[EventDate "2013.12.18"]

1. e4 c5 2. Nf3 e6 3. d4 cxd4 4. Nxd4 a6 5. Nc3 Qc7 6. Be2 Nf6 7. O-O Bb4 8. Bg5
Bxc3 9. Bxf6 gxf6 10. bxc3 Qxc3 11. Rb1 Nc6 12. Nxc6 bxc6 13. Rb3 Qe5 14. Qd3 a5
15. Qe3 h5 16. f4 Qc7 17. Qg3 Qa7+ 18. Kh1 Kf8 19. e5 Rh6 20. f5 Qd4 21. exf6
Rxf6 22. Rd3 Qc5 23. fxe6 Rxf1+ 24. Bxf1 fxe6 25. Rf3+ Ke7 26. Qh4+ Kd6 27. Qf4+ 1-0

[Event "WYCC U16 Open 2013"]
[Site "Al-Ain UAE"]
[Date "2013.12.23"]
[Round "7.3"]
[White "Paravyan, David"]
[Black "Vorontsov, Pavlo"]
[Result "1/2-1/2"]
[WhiteTitle "IM"]
[BlackTitle "FM"]
[WhiteElo "2441"]
[BlackElo "2392"]
[WhiteFideId "4194985"]
[BlackFideId "14116367"]
[EventDate "2013.12.18"]

1. d4 Nf6 2. c4 e6 3. Nc3 Bb4 4. g3 c5 5. Nf3 cxd4 6. Nxd4 O-O 7. Bg2 d5 8. cxd5
Nxd5 9. Qb3 Bc5 10. Nc2 Nxc3 11. Qxc3 Qb6 12. O-O Nc6 13. Be3 Bxe3 14. Nxe3 Bd7
15. Rfd1 Rad8 16. Nc4 Qc5 17. Rac1 Bc8 18. Nd6 Qxc3 19. Rxc3 Rd7 20. Bxc6 bxc6
21. Rxc6 Bb7 22. Rc2 Bd5 23. Nb5 Rb8 24. Nc3 Bc6 25. Rxd7 Bxd7 26. Ne4 Rb7 27.
b3 f6 28. Nd6 Rb6 29. Nc4 Rc6 30. Rd2 Rc7 31. f4 Bb5 32. Rd4 Kf8 33. Kf2 Ke7 34.
Ke3 Ba6 35. Kd3 Rc5 36. Kc3 g5 37. e3 h5 38. a4 Rc8 39. b4 Bb7 40. b5 e5 41.
fxe5 fxe5 42. Rd2 Ke6 43. Kb4 Bd5 44. Nb2 h4 45. Nd3 Rc4+ 46. Ka5 Rc3 47. g4 h3
48. Nb4 Bg2 49. Ka6 Rc4 50. Rb2 Rxg4 51. Kxa7 Rh4 52. b6 Rh7+ 53. Ka6 g4 54. Nd3
g3 55. hxg3 Bf1 56. b7 Bxd3+ 57. Ka5 Rxb7 58. Rxb7 Be4 59. Rb6+ Kf5 60. Rh6 Kg4
61. Kb4 Kxg3 62. Kc5 h2 63. Kd6 h1=Q 64. Rxh1 Bxh1 65. Kxe5 Ba8 1/2-1/2

[Event "WYCC U16 Open 2013"]
[Site "Al-Ain UAE"]
[Date "2013.12.23"]
[Round "7.4"]
[White "Saiyn, Zhanat"]
[Black "Karthikeyan, Murali"]
[Result "1/2-1/2"]
[WhiteTitle "FM"]
[BlackTitle "IM"]
[WhiteElo "2360"]
[BlackElo "2431"]
[WhiteFideId "13703820"]
[BlackFideId "5074452"]
[EventDate "2013.12.18"]

1. d4 d5 2. c4 e6 3. Nc3 Be7 4. Nf3 Nf6 5. Bg5 Nbd7 6. cxd5 Nxd5 7. Bxe7 Qxe7 8.
e4 Nxc3 9. bxc3 O-O 10. Bd3 b6 11. O-O Bb7 12. c4 e5 13. d5 Nc5 14. Re1 Bc8 15.
h3 Bd7 16. Bf1 Rae8 17. Re3 Qd6 18. Qe2 c6 19. Rc1 Rc8 20. Rec3 f6 21. Nd2 Rc7
22. Nb3 Na4 23. R3c2 c5 24. Qe3 a6 25. g3 Rfc8 26. f4 b5 27. a3 Nb6 1/2-1/2

[Event "WYCC U16 Open 2013"]
[Site "Al-Ain UAE"]
[Date "2013.12.23"]
[Round "7.6"]
[White "Vavulin, Maksim"]
[Black "Petrosyan, Manuel"]
[Result "1/2-1/2"]
[BlackTitle "CM"]
[WhiteElo "2410"]
[BlackElo "2294"]
[WhiteFideId "4169530"]
[BlackFideId "13300857"]
[EventDate "2013.12.18"]

1. e4 c5 2. Nf3 e6 3. d4 cxd4 4. Nxd4 a6 5. Bd3 Nf6 6. O-O e5 7. Bg5 h6 8. Bxf6
Qxf6 9. Nf5 g6 10. Ne3 Bc5 11. Nc3 Nc6 12. Ncd5 Qd8 13. c3 O-O 14. b4 Ba7 15.
Bc4 d6 16. Qf3 Be6 17. Rad1 Rc8 18. Bb3 Ne7 19. Nf6+ Kg7 20. Rd3 Ng8 21. Nfd5 f5
22. exf5 gxf5 23. Nc4 e4 24. Qg3+ Kh7 25. Rdd1 f4 26. Nxf4 Bxc4 27. Bxc4 Rxc4
28. Ne6 Qf6 29. Nxf8+ Qxf8 30. Rxd6 Qf7 31. Rfd1 Rc7 32. c4 Re7 33. Rd8 Bb6 34.
Ra8 Qxc4 35. Qb3 Qxb3 36. axb3 Rf7 37. Re8 Bxf2+ 38. Kf1 Ba7+ 39. Ke1 Nf6 40.
Re6 Kg7 41. h3 h5 42. Rd8 h4 43. Re5 Bb6 44. Rc8 Bc7 45. Rg5+ Kh6 46. Rf5 Kg6
47. Rf1 e3 48. Ke2 Re7 49. Rf8 Nd5 50. Rg8+ Kh7 51. Rg4 Nc3+ 52. Kd3 e2 53. Re1
Bg3 54. Rxg3 hxg3 55. Kxc3 Re3+ 56. Kd4 Rxb3 57. Rxe2 Rxb4+ 58. Kc3 Rb6 59. Re3
Rg6 60. Re7+ Rg7 61. Re6 Kg8 62. Rf6 Rf7 63. Rg6+ Rg7 64. Rf6 Rf7 1/2-1/2

[Event "WYCC U16 Open 2013"]
[Site "Al-Ain UAE"]
[Date "2013.12.23"]
[Round "7.7"]
[White "Dastan, Muhammed Batuhan"]
[Black "Bilguun, Sumiya"]
[Result "1-0"]
[WhiteTitle "IM"]
[BlackTitle "FM"]
[WhiteElo "2409"]
[BlackElo "2270"]
[WhiteFideId "6300014"]
[BlackFideId "4901541"]
[EventDate "2013.12.18"]

1. Nf3 e6 2. g3 c5 3. Bg2 b6 4. O-O Bb7 5. c4 Nc6 6. Nc3 Nf6 7. d4 Nxd4 8. Nxd4
Bxg2 9. Kxg2 cxd4 10. Qxd4 Be7 11. b3 O-O 12. Bb2 d5 13. cxd5 Nxd5 14. Nxd5
Qxd5+ 15. Qxd5 exd5 16. Rfd1 Rfd8 17. Rac1 Bc5 18. Rd2 Rd6 19. Bd4 Bxd4 20. Rxd4
f5 21. Rc7 Re8 22. e3 a5 23. Kf3 Re4 24. h4 h6 25. h5 Kf8 26. a4 Re7 27. Rc8+
Kf7 28. Rf4 Re5 29. Rc7+ Kf6 30. g4 g5 31. hxg6 Kxg6 32. Ke2 fxg4 33. Rxg4+ Rg5
34. Rf4 Rf5 35. Rg4+ Rg5 36. Rf4 Rf5 37. Rd4 h5 38. Rc1 Kf6 39. f4 Ke7 40. Kf3
Kd7 41. Rd2 Rf7 42. Rcd1 Kc6 43. Rh2 Rh7 44. Rc1+ Kd7 45. Rch1 Rdh6 46. Rh4 Ke6
47. Ke2 Kd6 48. Kd3 Kc5 49. R1h3 Rh8 50. Rh1 Kd6 51. Kd4 Re8 52. Rxh5 Re4+ 53.
Kd3 Rhe6 54. R5h3 Rb4 55. Kc2 Rbe4 56. f5 Rf6 57. Rf3 Ke5 58. Rh8 Rg4 59. Kd3
Rb4 60. Kc3 Rg4 61. Re8+ Kd6 62. Rd8+ Kc5 63. Rf1 Re4 64. Kd3 Re5 65. Rc8+ Kd6
66. Rfc1 Rexf5 67. R1c6+ Kd7 68. R6c7+ Kd6 69. Rb7 Rf7 70. Rxb6+ Kd7 71. Ra8 Kc7
72. Rb5 Kd6 73. Ra6+ Ke5 74. Raxa5 Rd7 75. Rxd5+ 1-0

[Event "WYCC U16 Open 2013"]
[Site "Al-Ain UAE"]
[Date "2013.12.23"]
[Round "7.8"]
[White "Harutyunian, Tigran K."]
[Black "Azarya, Jodi Setyaki"]
[Result "1-0"]
[WhiteTitle "FM"]
[BlackTitle "CM"]
[WhiteElo "2390"]
[BlackElo "2112"]
[WhiteFideId "13303635"]
[BlackFideId "7101589"]
[EventDate "2013.12.18"]

1. d4 Nf6 2. c4 g6 3. Nf3 Bg7 4. g3 O-O 5. Bg2 d5 6. cxd5 Nxd5 7. O-O Nc6 8. Nc3
Nb6 9. e3 a5 10. d5 Nb4 11. e4 e6 12. a3 Na6 13. Bg5 f6 14. Be3 Nc4 15. Qe2 Nxe3
16. Qxe3 exd5 17. Rfd1 Be6 18. exd5 Bf7 19. Nd4 Re8 20. Qf4 Re5 21. Rac1 Qf8 22.
Qd2 Rd8 23. Nb3 a4 24. Nxa4 Bxd5 25. Bxd5+ Rexd5 26. Qxd5+ Rxd5 27. Rxd5 Qe8 28.
Nc3 c6 29. Rdd1 f5 30. Na5 Qe7 31. Re1 Qc7 32. b4 Nc5 33. Nd5 cxd5 34. Rxc5 Qd7
35. Rec1 d4 36. Rc7 Qa4 37. Rxb7 d3 38. Rb8+ Bf8 39. Rd8 Qxa3 40. Rcc8 Qxb4 41.
Rxf8+ Kg7 42. Rg8+ Kh6 43. Rc1 Qxa5 44. Rb8 Qe5 45. Rd8 Qe2 46. Rc4 Qb2 47. Rcd4
Qc1+ 48. Kg2 Qc6+ 49. R8d5 Qe6 50. Rd6 Qe2 51. h3 d2 52. Rxd2 Qe4+ 53. Kh2 f4
54. R6d4 fxg3+ 55. fxg3 Qe6 56. Rc2 Qe5 57. Rdd2 Qe3 58. Re2 Qd3 59. Rcd2 Qc4
60. Rf2 Qc3 61. h4 Qc7 62. Rde2 Qd7 63. Re4 Qc7 64. Rfe2 Qd6 65. Re7 Qf6 66.
R7e6 Qf3 67. R6e3 Qf6 68. Kg2 Qc6+ 69. Rf3 Qc4 70. Re7 Qc2+ 71. Rf2 Qc6+ 72. Kh2
Qc5 73. Rff7 Qc2+ 74. Kh3 Qc8+ 75. Rd7 Qh8 76. Kg4 1-0

[Event "WYCC U16 Open 2013"]
[Site "Al-Ain UAE"]
[Date "2013.12.23"]
[Round "7.9"]
[White "Jarmula, Lukasz"]
[Black "Bodek, Michael H"]
[Result "1/2-1/2"]
[BlackTitle "FM"]
[WhiteElo "2213"]
[BlackElo "2382"]
[WhiteFideId "1160664"]
[BlackFideId "2043858"]
[EventDate "2013.12.18"]

1. e4 c5 2. Nf3 d6 3. d4 cxd4 4. Nxd4 Nf6 5. Nc3 g6 6. Be3 Bg7 7. f3 O-O 8. Qd2
Nc6 9. g4 Be6 10. Nxe6 fxe6 11. O-O-O Ne5 12. Be2 Qc8 13. h4 Nfd7 14. f4 Nc4 15.
Bxc4 Qxc4 16. e5 Rad8 17. exd6 exd6 18. h5 Bxc3 19. Qxc3 Qxc3 20. bxc3 Nf6 21.
hxg6 hxg6 22. Bxa7 Nxg4 23. Bb6 Ra8 24. Rxd6 Rxf4 25. Rd7 Ne5 26. Rxb7 Rxa2 27.
Rb8+ Rf8 28. Rh8+ Kxh8 29. Rxf8+ Kg7 30. Rc8 Nf3 31. c4 e5 32. Bf2 Kf7 33. c5
Nd4 34. Kb1 Ra6 35. c3 Rc6 36. Rb8 Ne6 37. Rb5 Nd8 38. Kc2 g5 39. Bg3 Ne6 40.
Bxe5 1/2-1/2

[Event "WYCC U16 Open 2013"]
[Site "Al-Ain UAE"]
[Date "2013.12.23"]
[Round "7.10"]
[White "Das, Sayantan"]
[Black "Bora, Safal"]
[Result "1-0"]
[WhiteTitle "IM"]
[WhiteElo "2377"]
[BlackElo "2176"]
[WhiteFideId "5034426"]
[BlackFideId "2066149"]
[EventDate "2013.12.18"]

1. Nf3 Nf6 2. c4 g6 3. g3 Bg7 4. Bg2 d5 5. cxd5 Nxd5 6. Nc3 Nb6 7. d3 Nc6 8. Be3
O-O 9. Rc1 Nb4 10. Qd2 N4d5 11. Bh6 c6 12. h4 Qd6 13. Bxg7 Kxg7 14. h5 Rh8 15.
hxg6 hxg6 16. Rxh8 Kxh8 17. Qh6+ Kg8 18. Ng5 Qf6 19. Nxd5 Nxd5 20. Bxd5 cxd5 21.
Rc7 Qg7 22. Qh4 f6 23. Nf3 a5 24. Qd4 Be6 25. Qb6 Qf7 26. Nd4 Bg4 27. f3 Bh3 28.
Qxb7 Re8 29. a4 f5 30. Nc6 Qe6 31. Rxe7 Rxe7 32. Nxe7+ Kf8 33. Nxd5 Qe5 34. Qc8+
Kf7 35. Qc7+ 1-0

[Event "WYCC U16 Open 2013"]
[Site "Al-Ain UAE"]
[Date "2013.12.23"]
[Round "7.12"]
[White "Wagner, Dennis"]
[Black "Sibashvili, Giorgi"]
[Result "0-1"]
[WhiteTitle "IM"]
[WhiteElo "2467"]
[BlackElo "2173"]
[WhiteFideId "24650684"]
[BlackFideId "13602799"]
[EventDate "2013.12.18"]

1. d4 Nf6 2. c4 c5 3. d5 g6 4. Nc3 Bg7 5. e4 O-O 6. Nf3 e6 7. h3 exd5 8. exd5
Re8+ 9. Be3 Bh6 10. Qd2 Bxe3 11. fxe3 d6 12. Bd3 Qe7 13. e4 Nbd7 14. O-O Ne5 15.
Nxe5 Qxe5 16. Nb5 Re7 17. Rf2 a6 18. Nc3 h5 19. Raf1 Nh7 20. Rb1 Ng5 21. Qf4
Qxf4 22. Rxf4 Kg7 23. h4 Nh7 24. b4 cxb4 25. Rxb4 Bg4 26. Rb6 Rd8 27. Rf1 Bc8
28. Na4 Nf6 29. c5 Nxe4 30. Re1 Nxc5 31. Rxe7 Nxa4 32. Rb1 Nc5 33. Bc2 b5 34.
Rf1 Rf8 35. Kf2 Bb7 36. Rd1 Kf6 37. Re3 Rc8 38. Ke2 Rc7 39. a3 Nd7 40. Rf1+ Kg7
41. Bb3 Nf6 42. Rd1 a5 43. Rd2 Rc5 44. Re7 Bxd5 45. Bxd5 Nxd5 46. Ra7 a4 47. Ra6
Nc3+ 48. Kd3 Nb1 49. Rf2 Nxa3 50. Ra7 Rf5 51. Rxf5 gxf5 52. Kc3 Nc4 53. Kb4 Ne3
54. g3 Nf1 55. Kxb5 Nxg3 56. Rxa4 Kf6 57. Kc4 f4 58. Ra5 Ke6 59. Kd4 f6 60. Rb5
d5 61. Rxd5 f3 62. Ke3 Kxd5 0-1

[Event "WYCC U16 Open 2013"]
[Site "Al-Ain UAE"]
[Date "2013.12.23"]
[Round "7.13"]
[White "Mosadeghpour, Masoud"]
[Black "Repka, Christopher"]
[Result "1-0"]
[WhiteElo "2230"]
[BlackElo "2391"]
[WhiteFideId "12519278"]
[BlackFideId "14918781"]
[EventDate "2013.12.18"]

1. e4 e6 2. d4 d5 3. exd5 exd5 4. Nf3 Bd6 5. c4 Nf6 6. Nc3 O-O 7. cxd5 Nbd7 8.
Be2 Nb6 9. Bg5 Be7 10. O-O Nbxd5 11. Re1 c6 12. Nxd5 Nxd5 13. Bxe7 Qxe7 14. Bc4
Qd6 15. Qb3 Be6 16. Ng5 Qf4 17. Re5 Qxd4 18. Qc2 Qh4 19. g3 Qh6 20. Bd3 Nf6 21.
h4 Bd5 22. Rae1 g6 23. Re7 b6 24. Bc4 Qg7 25. Ne6 Bxe6 26. Bxe6 c5 27. Bb3 Rae8
28. Qc4 Rd8 29. Rxa7 Rd4 30. Qb5 Ng4 31. Rxf7 1-0

[Event "WYCC U16 Open 2013"]
[Site "Al-Ain UAE"]
[Date "2013.12.23"]
[Round "7.14"]
[White "Basso, Pier Luigi"]
[Black "Popov, Kirill"]
[Result "0-1"]
[WhiteElo "2303"]
[BlackElo "2158"]
[WhiteFideId "866970"]
[BlackFideId "24157457"]
[EventDate "2013.12.18"]

1. d4 Nf6 2. c4 g6 3. Nc3 Bg7 4. e4 d6 5. f4 O-O 6. Nf3 c5 7. d5 e6 8. dxe6 fxe6
9. Bd3 Nc6 10. O-O Nd4 11. Nxd4 cxd4 12. Nb5 Ne8 13. Bd2 a6 14. Na3 Nc7 15. Bb4
e5 16. Qb3 Ne6 17. fxe5 Nc5 18. Rxf8+ Qxf8 19. Qc2 Bxe5 20. Bd2 Qf6 21. b4 Qh4
22. bxc5 Qxh2+ 23. Kf1 Bg4 24. Be2 0-1

[Event "WYCC U16 Open 2013"]
[Site "Al-Ain UAE"]
[Date "2013.12.23"]
[Round "7.15"]
[White "Stathopoulos, Ioannis"]
[Black "Nazarov, Rustem"]
[Result "1-0"]
[WhiteTitle "FM"]
[WhiteElo "2297"]
[BlackElo "2136"]
[WhiteFideId "4223098"]
[BlackFideId "14002280"]
[EventDate "2013.12.18"]

1. d4 Nf6 2. c4 g6 3. Nc3 Bg7 4. e4 d6 5. f3 O-O 6. Nge2 c6 7. Be3 Nbd7 8. Qd2
Qc7 9. Bh6 e5 10. Bxg7 Kxg7 11. O-O-O a6 12. g4 b5 13. Ng3 b4 14. Na4 Qa5 15. b3
Nb6 16. Nxb6 Qxb6 17. c5 Qb8 18. g5 Nd7 19. Bh3 dxc5 20. Bxd7 Bxd7 21. dxc5 Be6
22. Qb2 a5 23. f4 a4 24. f5 axb3 25. axb3 Bc8 26. Rd6 Re8 27. Kb1 Ra5 28. Rhd1
Qc7 29. h4 Rxc5 30. fxg6 hxg6 31. Qf2 Rc3 32. Qf6+ Kf8 33. Rd8 Rxb3+ 34. Kc2
Rc3+ 35. Kb2 1-0

[Event "WYCC U16 Open 2013"]
[Site "Al-Ain UAE"]
[Date "2013.12.23"]
[Round "7.16"]
[White "Lamard, Guillaume"]
[Black "Sosovicka, Matej"]
[Result "0-1"]
[WhiteTitle "FM"]
[WhiteElo "2288"]
[BlackElo "2098"]
[WhiteFideId "600261"]
[BlackFideId "14916770"]
[EventDate "2013.12.18"]

1. d4 d5 2. c4 c6 3. Nf3 Nf6 4. e3 Bf5 5. Nc3 e6 6. Nh4 Bg6 7. Nxg6 hxg6 8. Qe2
Nbd7 9. g3 Bd6 10. Bg2 dxc4 11. Qxc4 e5 12. dxe5 Nxe5 13. Qe2 Bb4 14. O-O Qd3
15. Rd1 Qxe2 16. Nxe2 Ke7 17. b3 Rhd8 18. Bb2 Ned7 19. Nd4 Kf8 20. h3 Nb6 21.
Rac1 a5 22. e4 Be7 23. a4 Nbd7 24. f4 Nc5 25. e5 Nd5 26. Kf2 Nb4 27. Bf1 Rd7 28.
e6 Rxd4 29. Bxd4 Nxb3 30. Rc4 Rd8 31. Ke2 b5 32. axb5 cxb5 33. Bb6 bxc4 34. Bxd8
c3 35. Bxa5 Nxa5 36. Rd7 c2 37. Rc7 fxe6 38. Ke3 Nb3 39. Bd3 c1=Q+ 40. Rxc1 Nxc1
41. Bxg6 Nb3 0-1

[Event "WYCC U16 Open 2013"]
[Site "Al-Ain UAE"]
[Date "2013.12.23"]
[Round "7.17"]
[White "Brown, Michael William"]
[Black "Valkama, Eero"]
[Result "1-0"]
[WhiteElo "2272"]
[BlackElo "1960"]
[WhiteFideId "2037602"]
[BlackFideId "507555"]
[EventDate "2013.12.18"]

1. d4 Nf6 2. c4 e6 3. Nc3 Bb4 4. e3 O-O 5. Ne2 d5 6. a3 Bd6 7. c5 Be7 8. b4 b6
9. Nf4 c6 10. Be2 bxc5 11. bxc5 Nbd7 12. Qa4 Qc7 13. Bd2 a5 14. O-O Ne4 15. Nxe4
dxe4 16. Bc4 e5 17. Ne2 Kh8 18. Ng3 f5 19. Qc2 g6 20. Bc3 Bf6 21. Rad1 Ba6 22.
Qe2 Bxc4 23. Qxc4 Bg7 24. Ne2 exd4 25. Bxd4 Ne5 26. Bxe5 Bxe5 27. g3 Rfd8 28.
Nd4 Rd5 29. Nb5 Qd8 30. Nd6 Bxd6 31. Rxd5 cxd5 32. Qd4+ Be5 33. Qxe5+ Kg8 34.
Rd1 Rc8 35. Qe6+ Kf8 36. Rxd5 Qe8 37. Qf6+ Qf7 38. Rd8+ Rxd8 39. Qxd8+ Qe8 40.
Qf6+ Qf7 41. Qd8+ Qe8 42. Qf6+ Qf7 43. Qd4 Qe6 44. Qh8+ Ke7 45. Qxh7+ Kd8 46.
Qa7 Qd5 47. Qxa5+ Kc8 48. Qa6+ Kc7 49. Qd6+ 1-0

[Event "WYCC U16 Open 2013"]
[Site "Al-Ain UAE"]
[Date "2013.12.23"]
[Round "7.18"]
[White "Juhasz, Armin"]
[Black "Sultan, Ibrahim"]
[Result "0-1"]
[WhiteElo "2272"]
[BlackElo "1954"]
[WhiteFideId "724270"]
[BlackFideId "9301143"]
[EventDate "2013.12.18"]

1. d4 d5 2. c4 e6 3. Nc3 c6 4. e4 dxe4 5. Nxe4 Bb4+ 6. Nc3 c5 7. a3 Ba5 8. Nf3
Nf6 9. Be3 Ne4 10. Qc2 Nxc3 11. bxc3 cxd4 12. Bxd4 O-O 13. Bd3 g6 14. O-O Nc6
15. Be4 Bc7 16. Bxc6 bxc6 17. Qe4 Ba6 18. Bc5 Re8 19. Rfd1 f5 20. Qe3 Qf6 21.
Rd7 f4 22. Qe4 Rac8 23. h4 h6 24. Re1 e5 25. h5 Qf5 26. Qxc6 Bb7 27. Qxg6+ Qxg6
28. hxg6 Bxf3 29. gxf3 Re6 30. Bxa7 Rxg6+ 31. Kh1 Bd6 32. Rg1 Rxg1+ 33. Kxg1
Bxa3 34. Rb7 Rxc4 35. Rb3 Be7 36. Bb8 Bf6 37. Rb6 Kg7 38. Rb7+ Kg6 39. Rc7 Rxc7
40. Bxc7 Kf5 41. Kg2 Ke6 42. c4 Be7 43. Kh3 Bc5 44. Kg2 Bb4 45. Kh3 Be1 46. Bb6
Bc3 47. Kg2 Kd6 48. Kf1 Bd4 49. Bd8 Kc5 50. Ke2 Kxc4 51. Bc7 h5 52. Bd8 Kd5 53.
Kf1 Bc5 54. Kg2 Ke6 55. Kf1 Ba7 56. Kg2 Bd4 57. Kf1 Kf5 58. Kg2 Bc5 59. Kf1 Ke6
60. Kg2 Be7 61. Bc7 Bh4 62. Kf1 Kf5 63. Kg2 Be7 64. Bb6 Ke6 65. Kf1 Kd5 66. Bc7
Bf6 67. Bb6 Kc6 68. Ba5 Be7 69. Bc3 Kd5 70. Kg2 h4 71. Ba5 Kd4 72. Bc7 Bf6 73.
Bd6 Kd3 74. Bb4 Ke2 75. Bc5 h3+ 76. Kxh3 Kxf3 77. Kh2 Bh4 78. Kg1 Bxf2+ 79. Bxf2
Ke2 80. Bc5 f3 81. Bf2 e4 82. Bd4 e3 83. Bxe3 Kxe3 84. Kf1 f2 85. Kg2 Ke2 0-1